O prezidentovi Gottwaldovi
Enregistré dans:
| Format: | Livre |
|---|---|
| Langue: | slovaque |
| Publié: |
Bratislava
Štátne nakladateľstvo
1951
|
| Tags: |
Pas de tags, Soyez le premier à ajouter un tag!
|
MARC
| LEADER | 00000nam a2200000 4500 | ||
|---|---|---|---|
| 001 | 0314563 | ||
| 005 | 20260127103634.2 | ||
| 041 | 0 | |a slo | |
| 044 | |a SK | ||
| 245 | 1 | 0 | |a O prezidentovi Gottwaldovi |c Š. Rais |
| 264 | 1 | |a Bratislava |b Štátne nakladateľstvo |c 1951 | |